000 01206cam a22002771 4500
001 hew59000038
003 DLC
005 20260227111509.0
008 731206s1959 dcua b 000 0 eng c
010 _ahew59000038
035 _a(OCoLC)755641
040 _aU.S. Dept. of Health, Education, and Welfare
_cOClU
_dOCoLC
_dDLC
042 _apremarc
050 0 0 _aL111
_b.A6 1959, no. 11
051 _aLA1312
_b.A7
082 _a370.952
100 1 _aAnderson, Ronald Stone,
_d1908-
245 0 0 _aJapan, three epochs of modern education.
260 _a[Washington]
_bU.S. Dept. of Health, Education, and Welfare, Office of Education
_c[1959]
300 _axii, 219 p.
_billus.
_c24 cm.
490 1 _aBulletin / United States. Office of Education ;
_v1959, no. 11
501 _aCopies 1 and 2 of L111.A6 with: Status of preparation programs for guidance and student personnel workers / Paul MacMinn and Roland G. Ross. Washington : U.S. Dept. of Health, Education, and Welfare, Office of Education, 1959. Bound together subsequent to publication.
_5DLC
504 _aBibliography: p. 209-214.
650 0 _aEducation
_zJapan.
830 0 _aBulletin (United States. Office of Education) ;
_v1959, no. 11.
999 _c34197
_d34197